000 00319nmm a2200133 a 4500
003 AR-BaBNM
005 20251128203122.0
008 223119s1912 ||||||||||||||000 | spa||
040 _cAR-BaBNM
245 1 0 _aColección de historiadores de Chile
_n22
260 _a[S.l.]
_bCervantes
_c1912
942 _cBK
998 _cRhizi
999 _c1988
_d1988